| 000 | 00729nab a22001817a 4500 | ||
|---|---|---|---|
| 001 | 10541 | ||
| 003 | KOSZ 005 | ||
| 005 | 20180427120317.0 | ||
| 008 | 180427s1985 pl ||||| |||| 00| 0pol | ||
| 040 |
_cBPK _dKOSZ 005/HR |
||
| 080 | _a94(438) | ||
| 100 | 1 |
_aPOLAK, Bogusław. _d 1979 - 1996. _bWyższa Szkoła Inżynierska w Koszalinie - Instytut Zarządzania i Marketingu, _c Katedra Nauk Humanistycznych |
|
| 245 | 1 | 0 |
_aKsięga chwały poległych Armii "Poznań" / _cBogusław Polak. |
| 500 | _aDane z kartoteki bpp. | ||
| 650 | 0 | _aArmia "Poznań". | |
| 773 | 0 |
_iW : _tNurt : miesięcznik społeczno-kulturalny. - _dPoznań : Poznańskie Wydaw. Prasowe "Prasa". - _g1985. nr 4, s. 9-12 _x0137-8880 |
|
| 942 |
_cART _2UKD |
||
| 999 |
_c10541 _d10541 |
||